|
|
|
|
| LEADER |
00000cam a22000004a 4500 |
| 001 |
musev2_72061 |
| 003 |
MdBmJHUP |
| 005 |
20230905051425.0 |
| 006 |
m o d |
| 007 |
cr||||||||nn|n |
| 008 |
101210s2011 mdu o 00 0 eng d |
| 020 |
|
|
|a 9781421401195
|
| 020 |
|
|
|z 9781421400846
|
| 020 |
|
|
|z 9781421400839
|
| 035 |
|
|
|a (OCoLC)1139385687
|
| 040 |
|
|
|a MdBmJHUP
|c MdBmJHUP
|
| 100 |
1 |
|
|a Grissom, Thomas.
|
| 245 |
1 |
4 |
|a The Physicist's World :
|b The Story of Motion and the Limits to Knowledge /
|c Thomas Grissom.
|
| 264 |
|
1 |
|a Baltimore [Md.] :
|b Johns Hopkins University Press,
|c 2011.
|
| 264 |
|
3 |
|a Baltimore, Md. :
|b Project MUSE,
|c 2020
|
| 264 |
|
4 |
|c ©2011.
|
| 300 |
|
|
|a 1 online resource (328 pages):
|b ill.
|
| 336 |
|
|
|a text
|b txt
|2 rdacontent
|
| 337 |
|
|
|a computer
|b c
|2 rdamedia
|
| 338 |
|
|
|a online resource
|b cr
|2 rdacarrier
|
| 505 |
0 |
|
|a The ancient quarrel -- Motion -- To be or not-to-be -- Atoms and the void -- Motion constrained -- How versus why -- Enter Newton -- The laws of motion -- Action at a distance -- Matter and light -- Heat and the arrow of time -- Who's really moving and what's the correct time? -- Curved space and the new gravity -- What you see is what you get -- A footnote on quantum gravity -- Equations that go berserk -- The physicist's world.
|
| 588 |
|
|
|a Description based on print version record.
|
| 650 |
|
7 |
|a Physics.
|2 fast
|0 (OCoLC)fst01063025
|
| 650 |
|
6 |
|a Physique
|v Ouvrages de vulgarisation.
|
| 650 |
|
0 |
|a Physics
|v Popular works.
|
| 655 |
|
7 |
|a Popular works.
|2 fast
|0 (OCoLC)fst01423846
|
| 655 |
|
7 |
|a Electronic books.
|2 local
|
| 710 |
2 |
|
|a Project Muse.
|
| 710 |
2 |
|
|a Project Muse.
|e distributor
|
| 830 |
|
0 |
|a Book collections on Project MUSE.
|
| 856 |
4 |
0 |
|z Texto completo
|u https://projectmuse.uam.elogim.com/book/72061/
|
| 945 |
|
|
|a Project MUSE - Custom Collection
|